01465nam a2200301 i 4500003000900000005001700009007000300026008004100029040003000070041000800100082001900108245008400127246001800211264005300229300002800282336002700310337003300337338002800370500030000398505000600698590002500704650011000729651004900839910000700888942001400895952023700909999001701146DO-SdBNP20250424095349.0ta220623e2004 dr ||||frlg|| 001 0 spa d aDO-SdBNPbspacBNPHUerda hspa 4axxxbS562i22210aSistema de implementación del nuevo proceso penal creado por la Ley No. 76-0210aLey No. 76-02 aSanto Domoimgo :bEditora no identificada,c2004 a65 páginas. ;c20 cm. ardacontentbtexto2txt ardamediabsin mediación2n ardacarrierbvolumen2nc aResolución No. 1920-2003, de la Suprema Corte de Justicia. Resolución No. 14789-2003, de la Procuraduría General de la República. Ley No. 278-04, sobre la implementación del proceso penal. Resolución No. 782-2004 incorporación de los abogados de oficio. Resolución No. 14786-20030 t. aInventariado 2025/DG 4979530aRepública DominicanosxLey 76-02 que crea el Sistema de Implementación del Nuevo Proceso Penal 4964426aRepública DominicanaxLey No. 76-02 aDG 2ddccLBS1 00102ddc51708PDaBNPHUbBNPHUcCTd2025-04-24eDonado por la Presidencia de la República Dominicana 2023l0oBNPHU PD S562ip2025-3574r2025-04-24w2025-04-24yLBS1zPertenecio a la biblioteca personal de Emilio Cordero Michel c58773d58773